Technique de Psychologie Expérimentale. (Record no. 17612)

MARC details
000 -LEADER
fixed length control field 00411nam a22001577a 4500
003 - CONTROL NUMBER IDENTIFIER
control field OSt
005 - DATE AND TIME OF LATEST TRANSACTION
control field 20170914114629.0
008 - FIXED-LENGTH DATA ELEMENTS--GENERAL INFORMATION
fixed length control field 170914b xxu||||| |||| 00| 0 fre d
040 ## - CATALOGING SOURCE
Original cataloging agency LB-BrCRDP
082 ## - DEWEY DECIMAL CLASSIFICATION NUMBER
Classification number 152 T725t
100 ## - MAIN ENTRY--PERSONAL NAME
Personal name DR.Toulouse
245 ## - TITLE STATEMENT
Title Technique de Psychologie Expérimentale.
Remainder of title Examen des Sujets
260 ## - PUBLICATION, DISTRIBUTION, ETC.
Place of publication, distribution, etc. Paris
Name of publisher, distributor, etc. Octave doin, Editeur
Date of publication, distribution, etc. 1904
300 ## - PHYSICAL DESCRIPTION
Extent 335p
Dimensions 19cm
942 ## - ADDED ENTRY ELEMENTS (KOHA)
Source of classification or shelving scheme Dewey Decimal Classification
Koha item type Books
Holdings
Withdrawn status Lost status Source of classification or shelving scheme Damaged status Not for loan Home library Current library Date acquired Total Checkouts Full call number Barcode Date last seen Price effective from Koha item type
    Dewey Decimal Classification     مكتبة المطبعة - سن الفيل مكتبة المطبعة - سن الفيل 09/14/2017   152 T725t crdp015124 09/14/2017 09/14/2017 Books